000 00644nam a2200205Ia 4500
003 GCL
008 140319s9999 xx 000 0 ara d
040 _aGCL /
_cGCL
082 0 4 _a953
_bم ح
100 1 _aمحمد جميل شلش
245 1 0 _aالحلقة المفقودة فى تاريخ العرب /
_cمحمد جميل شلش
300 _a235 ص
490 _aكتاب
_v0
650 0 4 _aمصر
650 0 4 _aالمغرب
650 0 4 _aالسلطان محمود الثانى
650 0 4 _aالعالم العربى - تاريخ - العصر العثمانى
650 0 4 _aالعالم العربى - تاريخ
942 _2ddc
_cBK
999 _c43259
_d43259